Bayer Leverkusen Kader 2023/2024 - Statistiken

Allgemein
  • Dieses Quiz wurde 270 mal gespielt
  • Das Durchschnittsergebnis liegt bei 19 aus 27
Antwortstatistiken
Hint Antwort % Korrekt
10 - ZOM - Deutschland Florian Wirtz
98%
4 - IV - Deutschland Jonathan Tah
96%
20 - LAV - Spanien Alejandro Grimaldo
95%
34 - ZDM - Schweiz Granit Xhaka
94%
30 - RAV - Niederlande Jeremie Frimpong
94%
22 - ST - Nigeria Victor Boniface
93%
1 - TW - Finnland Lukáš Hrádecký
92%
14 - ST - Tschechische Republik Patrik Schick
92%
12 - IV - Burkina Faso Edmond Tapsoba
87%
25 - ZM - Argentinien Exequiel Palacios
85%
2 - RV - Kroatien Josip Stanišić
83%
8 - ZM - Deutschland Robert Andrich
82%
3 - IV - Ecuador Piero Hincapié
81%
7 - ZOM - Deutschland Jonas Hofmann
79%
19 - RF - Nigeria Nathan Tella
77%
21 - LF - Marokko Amine Adli
75%
23 - ST - Tschechische Republik Adam Hložek
71%
6 - IV - Cote d'Ivoire Odilon Kossounou
63%
17 - TW - Tschechische Republik Matěj Kovář
62%
36 - TW - Deutschland Niklas Lomb
57%
11 - ZM - Deutschland Nadiem Amiri
48%
13 - RV - Brasilien Arthur
46%
24 - RV - Niederlande Timothy Fosu-Mensah
44%
32 - ZM - Kolumbien Gustavo Puerta
39%
18 - ZDM - Belgien Noah Mbamba
36%
47 - ZOM - Marokko Ayman Aourir
21%
31 - IV - Belgien Madi Monamay
19%
Keine übereinstimmenden Quizze gefunden
Verteilung der Resultate
Anzahl Personen mit jedem Resultat
Perzentil nach korrekt beantworteten Fragen
Ihre Resultats-Entwicklung
Sie haben dieses Quiz noch nicht gespielt